000 00641nam a22001937a 4500
005 20241011145206.0
010 _aENG-136776 ENG-142141
020 _a9789357943277
_c295.00
035 _aEN-120308
035 _aEN-125673
037 _bDBAD/PUB
082 _a158.1
100 _aCarnegie, Dale
_972703
245 _aHow To Develop Self-Confidence & Influence People By Public Speaking/
_cBy Dale Carnegie
260 _aNew Delhi
_bV & S Publishers
270 _aF-2/16, Ansari Road, Daryaganj
_bNew Delhi
_e110002
_k23240026,27,28
_minfo@vspublishers.com
300 _a190p.
_c21m(pbk)
942 _2ddc
_cEN
_h158.1
_mCAR
999 _c195862
_d195862